| 000 | 01741nam a2200421 c 4500 | ||
|---|---|---|---|
| 999 |
_c347452 _d347452 |
||
| 003 | BLK | ||
| 005 | 20250127100309.0 | ||
| 008 | 180408b bul|||||r ||||||| ||bul|| | ||
| 010 | _aKNG00059630000 | ||
| 020 | _a9789543986194 | ||
| 040 | _aBLK | ||
| 041 |
_aBUL _cBUL |
||
| 080 |
_aВътрешна политика. Вж и 329 _b323 _x(497.2)"1989" _z323(497.2)"1989" |
||
| 100 | 1 |
_aДимитрова, Алексения _eпърви автор _9286349 |
|
| 139 |
_aДимитрова, Алексения _bД 58 |
||
| 245 | 1 | 0 |
_aСекретните доклади на Сол Полански за 10 Ноември _bКакво пише в рапортите на американския посланик в София за падането а Тодор Живков през 1989 г. _cАлексения Димитрова. |
| 257 | _aBGR | ||
| 260 |
_bТруд _c2019 _9209481 _aСофия _n978-954-398- ; 978-954-528- |
||
| 300 |
_a384 с. _bс ил., факс. _c21 см |
||
| 380 | _a3 | ||
| 500 | _aПълното име на авт. е Алексения Димитрова Куртева. - | ||
| 650 | 7 |
_aБългария - вътрешна политика - история _2 _9149499 |
|
| 650 | 0 |
_aРазузнаване - САЩ _9256640 |
|
| 653 | _aархивни фондове | ||
| 653 | 7 |
_a10 ноември 1989 _9179856 |
|
| 653 | 7 |
_aТодор Живков _9198400 |
|
| 653 | _aБългария | ||
| 653 | _aСАЩ | ||
| 852 |
_bП _cП 323(497.2)/Д 58 |
||
| 856 | 4 | _qpdf | |
| 856 | 4 | _qpdf | |
| 942 |
_cKNG _n0 _07 _s1 |
||
| 944 |
_aCR _c2019-12-30 _k30560 _lГеновева Генчева |
||
| 944 |
_aED _c2019-12-30 |
||
| 999 | _d347452 | ||
| 999 | _d347452 | ||
| 999 | _d55658 | ||